Campeones de la Ligue 1 - ¡Muerte súbita! - Estadísticas

Estadísticas generales
  • Esta prueba ha sido intentada 1.895 veces
  • La puntuación promedio es 7 de 17
Answers on the Grid
Answers color-coded by a green-red scale on the quiz's grid according to % correct below.
A. J. Auxerroise
A. S. Mónaco F. C.
A. S. Nancy-Lorraine
A. S. Saint-Étienne
Angers S. C. O.
F. C. Girondins de Bordeaux
F. C. Metz
F. C. Nantes
F. C. Sète
F. C. Lorient
F. C. Sochaux-Montbéliard
Grenoble Foot 38
Le Havre A. C.
Lille O.S.C.
Montpellier Hérault S. C.
Nîmes Olympique
O. G. C. Nice
Olympique de Lyon
Olympique Marsella
Paris Saint-Germain F. C.
R.C. Lens
Racing Club Paris
Racing Estrasburgo
S. C. Bastia
S. M. Caen
Stade Brestois
Stade de Reims
Stade Rennes
Toulouse F. C.
Valenciennes F. C.
 
Estadísticas de respuestas
Respuesta % Correcto
Paris Saint-Germain F. C.
81%
Olympique Marsella
75%
A. S. Mónaco F. C.
72%
Olympique de Lyon
72%
Lille O.S.C.
63%
A. S. Saint-Étienne
54%
F. C. Girondins de Bordeaux
40%
F. C. Nantes
35%
O. G. C. Nice
35%
Montpellier Hérault S. C.
30%
Stade de Reims
30%
R.C. Lens
26%
Racing Estrasburgo
14%
Racing Club Paris
13%
A. J. Auxerroise
8%
F. C. Sochaux-Montbéliard
7%
F. C. Sète
4%
No se encontraron pruebas coincidentes
Distribución de puntuación
Porcentaje de gente con cada puntuación
Porcentaje por número respondido
Historial de tus puntuaciones
No has intentado esta prueba.